All Neighborhoods of Budapest on a Map - Statistics

General Stats
  • This quiz has been taken 1,112 times
  • The average score is 61 of 203
Answers on the Map
Answers color-coded by a green-red scale on the quiz's map according to % correct below.
 
Answer Stats
District Answer % Correct
District 1 Vár
80%
District 4 Újpest
78%
District 3 Óbuda
77%
District 5 Belváros
76%
District 19 Kispest
72%
Administered by the city Margitsziget
72%
District 7 Erzsébetváros
71%
District 6 Terézváros
71%
District 13 Angyalföld
70%
District 5 Lipótváros
70%
District 3 Békásmegyer
66%
District 23 Soroksár
66%
District 11 Kelenföld
64%
District 22 Budafok
62%
Districts 1 and 11 Gellérthegy
59%
District 4 Káposztásmegyer
58%
District 15 Rákospalota
58%
District 13 Újlipótváros
58%
District 2 Hűvösvölgy
57%
District 2 Rózsadomb
57%
Districts 1 and 2 Víziváros
54%
District 22 Budatétény
53%
District 14 Városliget
53%
District 22 Nagytétény
51%
District 15 Újpalota
51%
District 10 Népliget
50%
District 8 Palotanegyed
50%
District 19 Wekerletelep
50%
District 3 Aquincum
49%
District 1 Tabán
49%
District 8 Corvin-negyed
48%
District 11 Gazdagrét
48%
District 9 Belső-Ferencváros
47%
District 16 Cinkota
47%
District 18 Ferihegy
47%
District 16 Mátyásföld
47%
Districts 1 and 12 Krisztinaváros
46%
District 3 Csillaghegy
45%
District 9 Külső-Ferencváros
44%
District 17 Rákoskeresztúr
44%
District 3 Óbudai-sziget
43%
District 17 Rákoscsaba
43%
District 13 Vizafogó
42%
District 11 Albertfalva
41%
District 12 Svábhegy
41%
District 12 Jánoshegy
40%
District 11 Lágymányos
40%
District 10 Óhegy
40%
Districts 11 and 12 Sashegy
40%
Districts 4 and 13 Népsziget
39%
District 2 Pesthidegkút-Ófalu
39%
District 9 Középső-Ferencváros
38%
District 2 Pasarét
38%
District 16 Rákosszentmihály
38%
District 11 Sasad
38%
District 11 Kelenvölgy
37%
District 8 Magdolnanegyed
37%
District 4 Megyer
37%
District 14 Kiszugló
36%
District 14 Alsórákos
35%
District 21 Csepel-Szigetcsúcs
35%
District 9 József Attila-lakótelep
35%
District 14 Nagyzugló
35%
District 17 Rákoshegy
35%
District 16 Sashalom
35%
District 13 Göncz Árpád városközpont
34%
District 12 Orbánhegy
34%
District 11 Őrmező
34%
District 10 Újhegy
34%
District 21 Csepel-Háros
33%
District 12 Farkasrét
33%
District 10 Felsőrákos
33%
District 3 Hármashatárhegy
33%
District 11 Infopark
33%
District 17 Rákosliget
33%
District 12 Széchenyihegy
33%
District 3 Aranyhegy-Ürömhegy-Péterhegy
32%
District 8 Tisztviselőtelep
32%
District 2 Törökvész
32%
District 12 Zugliget
32%
District 16 Árpádföld
31%
District 12 Istenhegy
31%
District 3 Kaszásdűlő
31%
District 14 Törökőr
31%
District 21 Csepel-Belváros
30%
District 12 Csillebérc
30%
District 11 Kamaraerdő
30%
District 8 Orczynegyed
30%
District 15 Pestújhely
30%
District 17 Akadémiaújtelep
29%
District 21 Csepel-Csillagtelep
29%
District 14 Herminamező
29%
District 3 Rómaifürdő
29%
District 18 Havanna-lakótelep
28%
District 12 Kissvábhegy
28%
District 2 Máriaremete
28%
District 2 Országút
28%
District 14 Rákosfalva
28%
District 17 Rákoskert
28%
District 21 Csepel-Királyerdő
27%
District 23 Millenniumtelep
27%
District 17 Rákoscsaba-Újtelep
27%
District 18 Szemeretelep
27%
District 2 Szemlőhegy
27%
District 21 Csepel-Kertváros
26%
District 11 Szentimreváros
26%
District 18 Ganztelep
25%
District 20 Gubacs
25%
District 2 Adyliget
24%
District 21 Csepel-Gyártelep
24%
District 20 Erzsébetfalva
24%
District 18 Gloriett-telep
24%
District 14 Istvánmező
24%
District 4 Istvántelek
24%
District 22 Baross Gábor-telep
23%
District 2 Lipótmező
23%
District 12 Németvölgy
23%
Districts 2 and 12 Budakeszierdő
22%
District 2 Budaliget
22%
District 2 Hárshegy
22%
District 20 Kossuthfalva
22%
District 12 Kútvölgy
22%
District 12 Mártonhegy
22%
District 8 Népszínháznegyed
22%
District 2 Rézmál
22%
District 2 Szépilona
22%
Districts 2 and 3 Újlak
22%
District 2 Vérhalom
22%
District 18 Bókaytelep
21%
District 8 Csarnoknegyed
21%
District 11 Madárhegy
21%
District 11 Nádorkert
21%
District 20 Pacsirtatelep
21%
District 2 Pálvölgy
21%
District 11 Péterhegy
21%
District 2 Szépvölgy
21%
District 21 Csepel-Ófalu
20%
District 8 Kerepesdűlő
20%
District 17 Madárdomb
20%
District 12 Virányos
20%
District 18 Erzsébettelep
19%
District 12 Farkasvölgy
19%
District 2 Felhévíz
19%
District 2 Kurucles
19%
District 17 Régiakadémiatelep
19%
District 2 Remetekertváros
19%
District 10 Gyárdűlő
18%
District 10 Kőbánya-Kertváros
18%
District 2 Zöldmál
18%
District 8 Ganznegyed
17%
District 11 Kőérberek
17%
District 18 Bélatelep
16%
District 2 Csatárka
16%
District 21 Csepel-Erdősor
16%
District 21 Csepel-Rózsadomb
16%
District 18 Krepuska Géza-telep
16%
District 11 Pösingermajor
16%
District 23 Soroksár-Újtelep
16%
District 2 Széphalom
16%
District 12 Magasút
15%
District 2 Nyék
15%
District 4 Székesdűlő
15%
District 21 Csepel-Szabótelep
14%
District 2 Erzsébetliget
14%
District 2 Erzsébettelek
14%
District 8 Losoncinegyed
14%
District 18 Miklóstelep
14%
District 3 Mocsárosdűlő
14%
District 3 Óbuda hegyvidéke
14%
District 11 Örsöd
14%
District 18 Rendessytelep
14%
District 11 Spanyolrét
14%
District 18 Almáskert
13%
District 11 Hosszúrét
13%
District 10 Laposdűlő
13%
District 18 Lónyaytelep
13%
District 20 Szabótelep
13%
District 8 Századosnegyed
13%
District 3 Csúcshegy
12%
District 11 Dobogó
12%
District 18 Ganzkertváros
12%
District 20 Gubacsipuszta
12%
District 18 Liptáktelep
12%
District 2 Petneházyrét
12%
District 18 Szent Imre-kertváros
12%
District 18 Újpéteritelep
12%
District 21 Csepel-Erdőalja
11%
District 21 Csepel-Királymajor
11%
District 18 Kossuth Ferenc-telep
11%
District 18 Lakatos-lakótelep
11%
District 3 Solymárvölgy
11%
District 18 Szent Lőrinc-lakótelep
11%
District 10 Téglagyárdűlő
11%
District 18 Halmierdő
10%
District 2 Hársakalja
10%
District 10 Kúttó
10%
District 10 Ligettelek
10%
District 2 Gercse
9%
District 3 Harsánylejtő
9%
District 2 Kővár
9%
District 18 Belsőmajor
8%
District 10 Keresztúridűlő
8%
District 18 Erdőskert
6%
No matching quizzes found
Score Distribution
Percent of People with Each Score
Percentile by Number Answered
Your Score History
You have not taken this quiz